000
00338nam a2200133Ia 4500
008
220803s9999 xx 000 0 und d
020
_a
9788185026916
041
_a
eng
082
_a
722 PAD
100
_a
Padamsee B Ed.
_9
30062
245
_a
Akbar Padamsee : Work In Language
260
_a
Mumbai
_b
Marg Publication
_c
2010
300
_a
372p
999
_c
18894
_d
18894